000 00597nam a22002057a 4500
999 _c188514
_d188514
005 20220525144449.0
010 _aENG-132826
020 _a978911023165
_c799.00
035 _aEN-116358
037 _bDBAD/PUB
082 _a022.31625
100 _aSaur, De Gruyter
245 _aDesigning Libary Space for Children/
_cEdited by ingird Bon, Andrew Cranfield and karen Latimer
260 _bIFLA Publication
_c2012
300 _a150p
_c24cm(hbk)
700 _aBon, Ingrid
700 _aCranfield, Andrew
700 _aLatimer, Karen
942 _2ddc
_cEN
_h022.31625
_mSAU